00346nam a2200145Ia 4500003000400000008004100004020002300045040000800068100001400076245004300090250000900133260003700142300001000179365001100189LDD181029s9999 xx 000 0 und d a8184481101c195.00 cLDD aGupta, LC 0aPractical Nursing ProcedurescLC Gupta a3ed. aNew DelhibJaypee Brothersc2006 a551p. b195.00